| 000 | 00360nam a2200145Ia 4500 | ||
|---|---|---|---|
| 008 | 191201s2006 xx 000 0 und d | ||
| 082 |
_a677.02832 _bGOF |
||
| 100 | _aGOKARNESHAN, N | ||
| 245 | 0 | _aFabric Structure and Design | |
| 250 | _a1st | ||
| 260 |
_aN.Delhi _bNew Age International Pub _c2006 |
||
| 300 | _a139 | ||
| 650 | _aB.Tech(TE) | ||
| 942 |
_2ddc _cBK |
||
| 999 |
_c1673 _d1673 |
||